| 000 | 00736cab a2200229 4500 | ||
|---|---|---|---|
| 001 | WB2844-54 | ||
| 008 | 090401t1992 xxu||||| |||| 00| 0 eng d | ||
| 035 | _a(Sirsi) u59729 | ||
| 041 | _aeng | ||
| 245 | _aBusiness rate increase | ||
| 260 | _c1992 | ||
| 350 | _a0 | ||
| 490 |
_aFinancial Times _v12 November 1992, 11(1) |
||
| 520 | _aThe business rate poundage will rise by 3.6%, the annual rate of inflation in September, in spite of protests from businesses that the increase was not expected always to equal the maximum allowed by the Act. | ||
| 650 | _aBUSINESS RATE | ||
| 650 | _aPOUNDAGE | ||
| 650 | _aUBR | ||
| 650 | _aUNIFORM BUSINESS RATE | ||
| 690 | _aRATING AND VALUATION | ||
| 942 | _n0 | ||
| 948 | _c04/03/1997 | ||
| 999 |
_c36699 _d36699 |
||